|
|
|
|
| LEADER |
000000am a2200000 a 4500 |
| 001 |
13111 |
| 005 |
20230308175809.0 |
| 008 |
969062|1966 ||||||||r|||||||||||spa|| |
| 040 |
|
|
|b spa
|
| 041 |
0 |
|
|a Es
|
| 082 |
0 |
|
|a 618.92
|b Deb
|
| 100 |
1 |
|
|a Debré, RobertLelong, Marcel
|9 85053
|
| 245 |
1 |
1 |
|a Pediatría
|c Robert Debré, Marcel Lelong
|h imp
|
| 264 |
|
|
|a Barcelona
|b Jims
|c 1966
|
| 300 |
|
|
|a 2 v.
|b ilus., tbls.
|
| 504 |
|
|
|a incl. ref.
|
| 650 |
1 |
0 |
|a Pediatría
|9 2161
|
| 852 |
|
|
|a UC-SALUD
|f compra
|k mariana.feican
|l 1
|m General
|p 19690620
|q S/. 2.300
|t 13111
|b 0
|d CDRS
|e CDRS
|g 618.92 Deb
|z 1969-90-62
|
| 942 |
|
|
|c BK
|
| 999 |
|
|
|c 51052
|d 51052
|